La autogestión / (Registro nro. 4967)

Detalles MARC
000 -LEADER
fixed length control field 01128nam a2200277Ia 4500
003 - CONTROL NUMBER IDENTIFIER
control field OSt
005 - DATE AND TIME OF LATEST TRANSACTION
control field 20200414132129.0
008 - FIXED-LENGTH DATA ELEMENTS--GENERAL INFORMATION
fixed length control field 191128s1982 mx gr 000 0dspa d
020 ## - INTERNATIONAL STANDARD BOOK NUMBER
International Standard Book Number 9681610415
040 ## - CATALOGING SOURCE
Original cataloging agency CO-JMCR
Transcribing agency CO-JMCR
041 0# - LANGUAGE CODE
Language code of text/sound track or separate title spa
082 04 - DEWEY DECIMAL CLASSIFICATION NUMBER
Classification number 302.14 /
Item number A795a
100 1# - MAIN ENTRY--PERSONAL NAME
Personal name Arvon, Henri,
Relator term autor
9 (RLIN) 2997
245 13 - TITLE STATEMENT
Title La autogestión /
Statement of responsibility, etc. Henri Arvon ; traducción, David F. Álvarez Aub
250 ## - EDITION STATEMENT
Edition statement Primera edición
260 ## - PUBLICATION, DISTRIBUTION, ETC.
Place of publication, distribution, etc. México :
Name of publisher, distributor, etc. Fondo de Cultura Económica,
Date of publication, distribution, etc. 1982
300 ## - PHYSICAL DESCRIPTION
Extent 168 páginas ;
Dimensions 17 cm.
490 0# - SERIES STATEMENT
Series statement Breviarios ;
Volume/sequential designation 325
500 ## - GENERAL NOTE
General note Incluye bibliografía.
505 ## - FORMATTED CONTENTS NOTE
Formatted contents note Fundamentos ideológicos de la autogestión -- Las experiencias de autogestión
520 ## - SUMMARY, ETC.
Summary, etc. Al margen de las consideraciones sobre la historia del vocablo - y con todo lo expresivas y sugerentes que ellas resultan-, la médula conceptual del término autogestión señala un ideal humano de libertad y plenitud en la convivencia.
650 14 - SUBJECT ADDED ENTRY--TOPICAL TERM
Topical term or geographic name entry element Participación social
9 (RLIN) 2998
650 24 - SUBJECT ADDED ENTRY--TOPICAL TERM
Topical term or geographic name entry element Comunidades Autogestión
9 (RLIN) 2999
700 1# - ADDED ENTRY--PERSONAL NAME
Personal name Álvarez Aub, David F.,
Relator term traductor
9 (RLIN) 3000
942 ## - ADDED ENTRY ELEMENTS (KOHA)
Source of classification or shelving scheme Dewey Decimal Classification
Koha item type Books
Existencias
Withdrawn status Lost status Source of classification or shelving scheme Materials specified (bound volume or other part) Damaged status Not for loan Home library Current library Shelving location Date acquired Source of acquisition Cost, normal purchase price Total Checkouts Full call number Barcode Date last seen Date last checked out Copy number Price effective from Koha item type
    Dewey Decimal Classification Donación--15/04/2018--     Biblioteca Pública José María del Castillo y Rada Biblioteca Pública José María del Castillo y Rada General Stacks 11/28/2019 Donación 0.00 1 302.14 / A795a 430001078 05/16/2024 07/12/2023 Ej.1 11/28/2019 Books